LEADER 01058nam a2200241 4500 001 000000354913 003 CaOOAMICUS 005 20230807141345.0 008 230807s1905 gw a 000 u ger r 040 $aSeMil$bita 100 11$aBaedeker, Karl,$c.$0(OLS)http://semarc/name/117991 245 10$aLondon und Umgebung :$bHandbuch für Reisende /$cvon K. Baedeker. 250 $a16. Aufl. 264 1$aLeipzig :$bKarl Baedeker,$c1905. 300 $aXXXIV, 393, [35] carte di tav. anche ripieg. :$bcarte geogr., carte topogr. ;$c16 cm 490 1 $aBaedeker's Reisehandbücher 650 4$aLondra - Guide.$0(OLS)http://semarc/subject/7316 830 0$aBaedeker's Reisehandbücher.$0(OLS)http://semarc/title/445066 850 $aSeMil 852 $aSeMil$W1$xVenegono$y1$m4Y III 24 FA$j242936$B246202$CSeMilBibl$Z2$F246202 $8I 996 $6245$aLondon und Umgebung :$bHandbuch für Reisende$9(OLS)http://semarc/title/445083 996 $6264$aLeipzig :$bKarl Baedeker$9(OLS)http://semarc/publisher/61140 LEADER 00986nam a2200241 i 4500 001 000000079168 003 CaOOAMICUS 005 20051121000000.0 008 051121s1946 it u000 u ita u 013 $a51405 040 $aSeMil$bita 100 1 $aSertillanges, Antonin-Dalmace,$c.$0(OLS)http://semarc/name/772 245 10$aSan Tommaso d'Aquino /$cA.-D. Sertillanges ; traduzione e introduzione di Giuseppe Bronzini. 250 $a2. ed. 260 $aBrescia :$bMorcelliana,$c1946. 300 $a227 p. ;$c20 cm. 600 04$aTommaso : d'Aquino .$0(OLS)http://semarc/subject/115 700 1 $aBronzini, Giuseppe.$0(OLS)http://semarc/name/34996 850 $aSeMil 852 $aSeMil$W1$xVenegono$y1$m3H II 60$j44926$B44926$CSeMilBibl$Z2$F46764 $81 961 $aLascito: Gogna prof.ssa Silvia 996 $6245$aSan Tommaso d'Aquino$9(OLS)http://semarc/title/127210 996 $6260$aBrescia :$bMorcelliana$9(OLS)http://semarc/publisher/29629